Appunti sul pegno dei frutti nel Diritto Romano / (Record no. 132639)

MARC details
000 -LEADER
campo de control de longitud fija 00541nam a2200169 4500
001 - NÚMERO DE CONTROL
campo de control 132639
003 - IDENTIFICADOR DE NÚMERO DE CONTROL
campo de control ES-MaACL
005 - FECHA Y HORA DE LA ÚLTIMA TRANSACCIÓN
campo de control 20230906194222.0
007 - CAMPO FIJO DE DESCRIPCIÓN FÍSICA--INFORMACIÓN GENERAL
campo de control de longitud fija t|
008 - DATOS DE LONGITUD FIJA--INFORMACIÓN GENERAL
campo de control de longitud fija 070214s1931 it r ||||1| ita d
100 1# - ENTRADA PRINCIPAL--NOMBRE DE PERSONA
Nombre de persona Romano, Silvio.
9 (RLIN) 99258
245 10 - MENCIÓN DEL TÍTULO
Título Appunti sul pegno dei frutti nel Diritto Romano /
Mención de responsabilidad, etc. Silvio Romano.
260 ## - PUBLICACIÓN, DISTRIBUCIÓN, ETC.
Lugar de publicación, distribución, etc. Padova :
Nombre del editor, distribuidor, etc. Cedam,
Fecha de publicación, distribución, etc. 1931.
300 ## - DESCRIPCIÓN FÍSICA
Extensión VII, 122 p. ;
Dimensiones 26 cm.
500 ## - NOTA GENERAL
Nota general Estratto dagli Anuali dell'Universitá di Camerino, Sezione giuridica, vol. V, 1931.
852 ## - LOCALIZACIÓN
Ubicación ES-MaACL
Número de control de estantería C-5236
Sublocalización o colección R.25785
Holdings
Estatus retirado Estado de pérdida Estado de daño No para préstamo Biblioteca de origen Biblioteca actual Ubicación en estantería Fecha de adquisición Fuente de adquisición Total de préstamos Signatura topográfica completa Código de barras Visto por última vez Precio de reemplazo Tipo de ítem Koha
        Biblioteca del Ateneo de Madrid Biblioteca del Ateneo de Madrid Sala Palomar 17/01/2008     C-5236 1138090 23/02/2023 23/02/2023 Libro impreso